| 000 | 01039nam a2200301 i 4500 | ||
|---|---|---|---|
| 001 | 000011080 | ||
| 003 | DO-SdBNP | ||
| 005 | 20240412074222.0 | ||
| 007 | ta | ||
| 008 | 091014s1990 dr 000 p spa d | ||
| 040 |
_aDO-SdBNP _bspa _cBNPHU _erda |
||
| 049 | _aBNPD | ||
| 082 | 4 |
_aRD861.44 _bM839m _222 |
|
| 100 | 1 |
_aMorel, Tomás, _926581 _eautor |
|
| 245 | 1 | 0 |
_aMi pueblo y otros poemas ... / _cTomás Morel. |
| 264 |
_aSantiago de los Caballeros, República Dominicana : _bMuseo Folklorico Tomás Morel, _c1990. |
||
| 300 |
_a80 páginasa _c21 cm. |
||
| 336 |
_2rdacontent _atexto _btxt |
||
| 337 |
_2rdamedia _asin mediación _bn |
||
| 338 |
_2rdacarrier _avolumen _bnc |
||
| 490 | 0 |
_aBiblioteca Popular Dominicana del Museo Folklorico Tomás Morel ; _v 1 |
|
| 500 | _aIncluye datos biográficos del autor en la solapa de la cubierta. | ||
| 590 | _aInventariado, 2023/MFF | ||
| 650 | 4 |
_aPoesía dominicana _966 |
|
| 650 | 0 |
_aLiteratura dominicana. _967 |
|
| 910 | _aValidado. Control de calidad MFF | ||
| 942 |
_2ddc _cLBS1 |
||
| 999 |
_c10805 _d10805 |
||